Capital y Crecimiento (Registro nro. 4353)
[ vista simple ]
| 000 -LEADER | |
|---|---|
| fixed length control field | 01787 a2200217 4500 |
| 001 - CONTROL NUMBER | |
| control field | 47414 |
| 005 - DATE AND TIME OF LATEST TRANSACTION | |
| control field | 20260407155741.0 |
| 008 - FIXED-LENGTH DATA ELEMENTS--GENERAL INFORMATION | |
| fixed length control field | 260407a1965 arg spa d |
| 003 - CONTROL NUMBER IDENTIFIER | |
| control field | AR-UNSa-BCEJYS |
| 040 ## - CATALOGING SOURCE | |
| Original cataloging agency | AR-UNSa-BCEJYS |
| Language of cataloging | spa |
| Transcribing agency | AR-UNSa-BCEJYS |
| 080 ## - UNIVERSAL DECIMAL CLASSIFICATION NUMBER | |
| Universal Decimal Classification number | 330.35 |
| Common auxiliary subdivision | Crecimiento económico |
| 100 1# - MAIN ENTRY--PERSONAL NAME | |
| Personal name | Hicks, John Richard |
| 245 10 - TITLE STATEMENT | |
| Title | Capital y Crecimiento |
| 264 #1 - PRODUCTION, PUBLICATION, DISTRIBUTION, MANUFACTURE, AND COPYRIGHT NOTICE | |
| Place of production, publication, distribution, manufacture | Barcelona : |
| Name of producer, publisher, distributor, manufacturer | Bosch |
| Date of production, publication, distribution, manufacture, or copyright notice | 1965 |
| 300 ## - PHYSICAL DESCRIPTION | |
| Extent | 383 p. |
| Dimensions | 22 cm. |
| 505 ## - FORMATTED CONTENTS NOTE | |
| Formatted contents note | Primera Parte : MÉTODOS DE ECONOMÍA DINÁMICA : 1. Crecimiento, Dinámica y Estática - 2. El concepto de equilibrio - 3. El método estático en la teoría dinámica - 4. Primitivos "modelos de crecimientos" / Adam Smith y Ricardo - 5. El método de Marshall - 6. El método del equilibrio temporal - 7. El método de Precios Fijos - 8. Stocks y flujos - 9. Un problema de Ajuste de Stocks - 10. Macrodinámica de raíz keynesiana - 11. Macrodinámica de raíz harrodiana -- Segunda Parte : EQUILIBRIO DE CRECIMIENTO : 12. Esbozo del modelo - 13. Elección de la técnica - 14. Muchos bienes de capital - 15. Participación de los factores en el equilibrio de crecimiento - 16. Transición -- Tercera Parte : CRECIMIENTO ÓPTIMO : 17. Tipos de teoría del óptimo - 18. El "equilibrio " de Von Neumann - 19. El teorema del TURNPIKE o de la trayectoria eficiente : su importancia - 20. La frontera intertemporal de la producción - 21. Ahorro óptimo - 22. Interés y crecimiento -- Cuarta Parte : DESPUÉS DE LA TEORÍA DEL CRECIMIENTO : 23. Keynes después de la teoría del crecimiento - 24. La función de producción. |
| 590 ## - LOCAL NOTE (RLIN) | |
| Local note | niveau_biblio:m niveau_hierar:0 |
| 700 1# - ADDED ENTRY--PERSONAL NAME | |
| Personal name | Bosch Domenech, Antonio |
| 856 41 - ELECTRONIC LOCATION AND ACCESS | |
| Uniform Resource Identifier | <a href="https://www.biblioeco.unsa.edu.ar/pmb/images/libros/L127495.jpg">https://www.biblioeco.unsa.edu.ar/pmb/images/libros/L127495.jpg</a> |
| Link text | Imagen de portada |
| Electronic format type | image/jpeg |
| 942 ## - ADDED ENTRY ELEMENTS (KOHA) | |
| Koha item type | |
| Withdrawn status | Lost status | Damaged status | Not for loan | Home library | Current library | Shelving location | Date acquired | Total checkouts | Full call number | Barcode | Date last seen | Price effective from | Koha item type |
|---|---|---|---|---|---|---|---|---|---|---|---|---|---|
| Biblioteca Prof. Eusebio Cleto del Rey | Biblioteca Prof. Eusebio Cleto del Rey | 07/04/2026 | 330.35 H631 | L127495 | 07/04/2026 | 07/04/2026 | Libro | ||||||
| Biblioteca Prof. Eusebio Cleto del Rey | Biblioteca Prof. Eusebio Cleto del Rey | 07/04/2026 | 330.35 H631 | L39452 | 07/04/2026 | 07/04/2026 | Libro |